000 00673nam a2200253Ia 4500
003 OSt
005 20221005093217.0
006 a|||||r|||| 00| 0
007 ta
008 221004b |||||||| |||| 00| 0 eng d
024 _a69037
037 _cTextual
040 _aCRL
_cCRL
_beng
041 _2eng
_aeng
082 _aY:1.75.C, M5
100 _aGallenkamp Charles
_9618227
245 0 _aMaya
_b The riddle and rediscovery of a lost civilization
250 _a3rd
260 _aNew York
_bViking
_c1985
300 _a235p.
_ccm.
650 _aSOCIOLOGY
942 _hY:1.75.C, M5
_cTEXL
_2cc
999 _c1000008
_d1000008